000 00288nam a2200109Ia 4500
008 220120s9999||||xx |||||||||||||| ||und||
100 _aNIIT world class education
245 0 _aDB2 warehouse manager workshop: CC 46 student note book
260 _c2001
300 _b0
650 _aPHYSICS
999 _c136662
_d136662